The International Journal of Interdisciplinary Educational Studies

Gespeichert in:
Bibliographische Detailangaben
Format: Schriftenreihe
Sprache:Englisch
Veröffentlicht: Champaign Common Ground Research Networks
Tags: Tag hinzufügen
Keine Tags, Fügen Sie das erste Tag hinzu!

MARC

LEADER 00000nas1a2200000 4500
001 0272462
005 20250701092134.8
022 |a 2327-2570 
022 |a 2327-011X 
041 0 |a eng 
044 |a US 
245 1 0 |a The International Journal of Interdisciplinary Educational Studies 
264 1 |a Champaign  |b Common Ground Research Networks